Central Library OPAC University of Rajshahi

কনস্টেবল ম্যানুয়াল / (Record no. 77721)

MARC details
000 -LEADER
fixed length control field 01024nam a22002291a 4500
001 - CONTROL NUMBER
control field 77721
003 - CONTROL NUMBER IDENTIFIER
rucl marc code BD-RjUL
005 - DATE AND TIME OF LATEST TRANSACTION
control field 20211209083020.0
008 - FIXED-LENGTH DATA ELEMENTS--GENERAL INFORMATION
fixed length control field 210103s1916 i ||||| l||| 00| 0 eng d
035 ## - SYSTEM CONTROL NUMBER
System control number (BD-RjUL)77947
040 ## - CATALOGING SOURCE
Original cataloging agency BD-RjUL
Language of cataloging eng
Transcribing agency BD-RjUL
Modifying agency BD-RjUL
041 ## - LANGUAGE CODE
Language code of text/sound track or separate title ben
082 ## - DEWEY DECIMAL CLASSIFICATION NUMBER
Edition number 23
Classification number 345.052
Author mark and year LAK 1916
245 1# - TITLE STATEMENT
Title কনস্টেবল ম্যানুয়াল /
Remainder of title (কলিকাতা-পুলিশ ও বেঙ্গল)
Statement of responsibility, etc. এস.কে. লাহিড়ী
250 ## - EDITION STATEMENT
Edition statement ৬ষ্ট সংস্করণ
260 ## - PUBLICATION, DISTRIBUTION, ETC. (IMPRINT)
Place of publication, distribution, etc. কলিকাতাঃ
Name of publisher, distributor, etc. ল, বূক ,
Date of publication, distribution, etc. ১৯১৬
300 ## - PHYSICAL DESCRIPTION
Pagination ৪৩ পৃ. ঃ
Illustrations চিত্র ;
Size ১৮ সেমি.
650 ## - SUBJECT ADDED ENTRY--TOPICAL TERM
Topical term or geographic name as entry element কনস্টেবল ম্যানুয়াল
Form subdivision হ্যান্ড বুক ম্যানুয়াল
Geographic subdivision কলকাতা
9 (RLIN) 243151
Topical term or geographic name as entry element Police
Form subdivision Handbooks, manuals, et
Geographic subdivision India
9 (RLIN) 243152
Topical term or geographic name as entry element Police regulations
Form subdivision Handbooks, manuals, etc.
Chronological subdivision 20th century
9 (RLIN) 243153
942 ## - ADDED ENTRY ELEMENTS (KOHA)
Source of classification or shelving scheme Dewey Decimal Classification
Koha item type Books
Holdings
Lost status Source of classification or shelving scheme Damaged status Not for loan Collection code Permanent Location Current Location Shelving location Date acquired Total Checkouts Full call number Date last seen Copy number Koha item type
  Dewey Decimal Classification   Not For Loan Rare Books Central Library, University of Rajshahi Central Library, University of Rajshahi Rare Book Section 03/01/2021   BRA 345.052 LAK 1916 03/01/2021 C-1 Books